000 00550nam a22001577a 4500
999 _c534691
_d534691
020 _qHard Cover.
082 _a624.1
100 _aChoudhary, Sandeerah
245 _aPost implementation evaluation of Lahore-sheikhupura-faisalabad dual carriageway /
_cSandeerah Choudhary.
260 _aIslamabad:
_bSCEE - NUST,
_c2016.
300 _a91 p. :
_bill.;
_c30cm.
942 _2ddc
_cTHE
650 _aConstruction Engineering and Management MS-Thesis.
_917023
700 _aDr. Anwaar Ahmed
_927773